Minerals and industry in Tanganyika /

Saved in:
Bibliographic Details
Main Author: Bisset, C. B. (Charles Barron)
Corporate Author: Tanganyika. Geological Survey Dept
Format: Book
Language:English
Published: London : H.M.S.O., 1955.
Subjects:
LEADER 01302cam a2200313 a 4500
001 c000402237
003 CARM
005 20190306114413.0
008 190306s1955 enkb 000 0 eng d
019 1 |a 26028026  |5 LACONCORD2021 
035 |a (OCoLC)12918777  |5 LACONCORD2021 
040 |a VCAV  |b eng  |c VCAV 
043 |a f-tz--- 
082 0 4 |a 338.762209678  |2 22 
100 1 |a Bisset, C. B.  |q (Charles Barron) 
245 1 0 |a Minerals and industry in Tanganyika /  |c by C.B. Bisset. 
260 |a London :  |b H.M.S.O.,  |c 1955. 
300 |a 13 p. ;  |c 26 cm. +  |e 2 folded maps. 
500 |a At head of title: Geological Survey Department Tanganyika. 
500 |a "Reprinted from Colonial geology and mineral resources 1955, vol. 5, no. 1, pp. 40-50" 
650 0 |a Mines and mineral resources  |z Tanganyika. 
650 0 |a Mineral industries  |z Tanganyika. 
710 1 |a Tanganyika.  |b Geological Survey Dept. 
852 8 |b CARM  |i C13722  |p 0652264  |f BK 
852 8 |b SCAN  |h A3:AH13G0  |i C13722  |p 0652264  |f BK 
852 8 |b SCAN  |h A3:AH13G0  |i C13722  |p 0652264  |f BK 
999 f f |i 6bdcb3c5-8bd4-5b85-83a3-f88f57b4d79e  |s c1685f1f-5bf7-59bb-baae-caf43e847dd2 
952 f f |p Can circulate  |a CAVAL  |b CAVAL  |c CAVAL  |d CARM 1 Store  |e C13722  |h Other scheme  |i book  |m 0652264 
952 f f |a CAVAL  |b CAVAL  |c CAVAL  |d Unmapped Location  |e C13722  |f A3:AH13G0  |h Other scheme